000 00680nam a2200265Ia 4500
003 OSt
005 20221006150445.0
006 a|||||r|||| 00| 0
007 ta
008 221006b |||||||| |||| 00| 0 jpn d
020 _a 9789578653900 (V.2)
020 _a9789578653894 (V.1)
024 _a18,694
037 _bGift, J F
_cTextual
040 _aEASL
_cEASL
_bjpn
041 _2jpn
_ajpn
082 _aP42, N6.
245 0 _aShin nichigo
260 _aBeijing
_bDaixin Shuju China
_c1996
300 _a450+348p.
_ccm.
490 _vV.1 : Kiso bunpo kouku RR
650 _aJL
942 _hP42, N6.
_cTEXL
_2CC
999 _c1086780
_d1086780